Datum a čas kvízu
44
Celkem bodů
Celkový počet nahraných bodů na tomto kvízu bez doplňovacích otázek.
1.
Pořadí na kvízu
Konečné umístění týmu na tomto kvízu.
Zaznamenané odpovědi
| # | Otázka | Odpověď | Body | Výsledky |
|---|---|---|---|---|
| 1. | Minulý týden navštívil Pražský... | v Polsku, Karol Nawrocki | 1 | |
| 2. | V Severní Koreji zavedli nový... | ruský jazyk | 0 | |
| 3. | Která televizní stanice letos... | TV Seznam | 1 | |
| 4. | Minulý týden jsme se dozvěděli... | Five Guys | 1 | |
| 5. | V pondělní dohrávce 12. kola P... | inzultoval spoluhráče (udeřil jej/vlepil mu facku) | 1 | |
| 6. | Seřaďte tyto ostrovy dle rozlo... | 1D 2B 3A 4C | 1 | |
| 7. | Nyní přiřaďte ostrovy ke států... | 1A 2B 3D 4C | 1 | |
| 8. | Kterému ostrovnímu středomořsk... | Malta | 1 | |
| 9. | Nyní si odskočíme ke kinematog... | Řek Zorba, Anthony Quinn | 1 | |
| 10. | Ke kterému středomořskému ostr... | Elba | 1 |